|
|
|
|
| LEADER |
00000cam a2200000 a 4500 |
| 001 |
vtls001442907 |
| 003 |
SK-MaSNL |
| 005 |
20260301013616.0 |
| 008 |
240226s2002 xo grfl 000 0 slo |
| 015 |
|
|
|a SNBI2002/04-02163
|
| 020 |
|
|
|a 8080574537
|
| 035 |
|
|
|a SNK000398128
|
| 035 |
|
|
|a urn:nbn:sk:snk-am3j0a5
|
| 035 |
|
|
|a FEADA5C8-F9DF-4206-9FA7-27BAED3C3DB9
|
| 035 |
|
|
|a urn:nbn:sk:snk-am00ghgr
|
| 040 |
|
|
|a SNK
|b slo
|c SNK
|e AACR2
|
| 041 |
0 |
|
|a slo
|
| 044 |
|
|
|a xo
|c SK
|
| 072 |
|
7 |
|a 640.4
|x Hotelierstvo. Stravovanie
|2 konspekt
|
| 080 |
|
|
|a 64.024:628.6:340.133(094.5)(094.57)
|2 1981
|
| 080 |
|
|
|a 628.6
|2 1981
|
| 080 |
|
|
|a 340.133
|2 1981
|
| 080 |
|
|
|a 640.41/.42
|2 2011
|
| 080 |
|
|
|a (083.1)
|2 2011
|
| 080 |
|
|
|a (035)
|2 2011
|
| 080 |
|
|
|a (094.5)
|2 2011
|
| 080 |
|
|
|a 640.4/.5
|2 2011
|
| 110 |
1 |
|
|a Slovensko
|4 aut
|9 266955
|
| 245 |
1 |
0 |
|a Nová kategorizácia ubytovacích zariadení s platnými hygienickými predpismi
|
| 260 |
|
|
|a Bratislava
|b Epos
|c 2002
|
| 300 |
|
|
|a 286 strán
|b tabuľky
|c 21 cm
|
| 650 |
0 |
7 |
|a ubytovacie zariadenia
|2 SNKPH
|9 70233
|
| 650 |
0 |
7 |
|a hygiena
|2 SNKPH
|9 16835
|
| 650 |
0 |
7 |
|a kategorizácia
|2 SNKPH
|9 300616
|
| 650 |
0 |
7 |
|a stravovacie zariadenia
|2 SNKPH
|9 73125
|
| 655 |
|
7 |
|a zákony
|2 SNKPH
|9 70186
|
| 655 |
|
7 |
|a vyhlášky
|2 SNKPH
|9 70671
|
| 655 |
|
7 |
|a príručky
|2 SNKPH
|9 74364
|
| 655 |
|
7 |
|a právne predpisy
|2 SNKPH
|9 70481
|
| 919 |
|
|
|a 80-8057-453-7
|
| 958 |
|
|
|a TL
|
| 958 |
|
|
|a OND
|
| 999 |
|
|
|c 556513
|d 558443
|
| 952 |
|
|
|t P60, <03>, [BOOK], {603}
|a SNK
|b SNK
|y PREZ
|7 0
|p 17A0361461
|o snkSC 109704
|i snkKSP 13234/2002
|0 0
|1 0
|4 0
|d 2002-10-30
|f 1
|l 0
|r 2025-09-30 00:00:00
|w 2026-02-23
|
| 952 |
|
|
|t P60, <04>, [BOOK], {604}
|a SNK
|b SNK
|y VYP
|7 0
|p 17A0361462
|o snkSC 109704 D1
|i snkKSP 13235/2002
|0 0
|1 0
|4 0
|d 2002-10-30
|l 0
|r 2005-01-02 00:00:00
|w 2026-02-23
|